000 00427nam a2200181Ia 4500
005 20240823010341.0
008 240823s9999||||xx |||||||||||||| ||und||
041 _aENGLISH
082 _A621.317 N8
100 _aSen P C
245 0 _aModern Power Electronics
250 _a1st
260 _c1998
_b"Wkeeler,Allahabad"
500 _aYES
650 _aPower Electronics
_bInstrumentation
942 _cBK
999 _c158374
_d158374